| 000 | 00659nas a2200241 4500 | ||
|---|---|---|---|
| 001 | BR9201381 | ||
| 003 | BR-BrBNA | ||
| 005 | 20231205092408.0 | ||
| 007 | ta | ||
| 008 | 230509b bl.|||p| |||| 00| 00por d | ||
| 040 |
_aBR-BrBNA _bpor _cBiblioteca Nacional de Agricultura |
||
| 041 | _a(Pt) | ||
| 072 | _aF01 | ||
| 100 | 1 | _aBaliani, A. | |
| 245 | 1 | _aUrucum; corante natural para a industria | |
| 650 | _aURUCUM | ||
| 650 | _aPLANTA CORANTE | ||
| 650 | _aPRATICA CULTURAL | ||
| 650 | _aPRATICO | ||
| 773 | 0 |
_tLavoura (Brazil) _xISSN 0023-9135 _g(Jan-Feb 1992), p. 18-22 _wBR9201381 |
|
| 909 |
_a202311 _bLúcia _c55 _dLúcia Elande |
||
| 942 |
_2AGRIS _n0 _cANA |
||
| 999 |
_c131406 _d131406 |
||